000 00601nam a22001817a 4500
005 20251108173445.0
008 250721s1992 xx 000 0 ara d
082 1 4 _a303.34/تمي
100 1 _aالتميمي، محمد تيسير
_eمؤلف
245 1 0 _aموضوعات في فن القيادة /
264 1 _aبيروت :
_bالمؤسسة العربية للدراسات والنشر،
_c1992.
300 _a109ص.
650 1 7 _aالقيادة
650 1 7 _aالتدريب على العلاقات بين الجماعات
650 1 7 _aالإسلام
942 _2ddc
_cBK
999 _c104348
_d104348